000 003410000a22001090004500
090 _aAS
_bSeriadas
245 1 0 _aAlgunos datos sobre orquídeas colombiana
041 0 _aEspañol
100 1 _aBalme, Juan
_999773
942 _cARTICULO
773 1 _tRevista de la Academia Colombiana de Ciencias Exactas, Físicas y Naturales
_h11
_q345-446
_d1940
_g3
999 _c15486
_d15486